00259nam a2200085 a 450000500170000000800410001724500760005826000260013404000130016020200930030816.0110331s1995 000 spa d 0aPlataforma de acción para el avance de la mujer dominicana 1995-2001. aSanto Domingo,c1995. aDO-SdBNP